[Event "Chigorin Memorial 23rd"]
[Site "St Petersburg"]
[Date "2015.10.11"]
[Round "9"]
[White "Rybaizen, Boris"]
[Black "Martynov, Petr"]
[Result "0-1"]
[WhiteElo "2324"]
[BlackElo "1889"]
[PlyCount "118"]
[EventDate "2015.10.03"]
[EventType "swiss"]
[EventRounds "9"]
[EventCountry "RUS"]
[SourceTitle "CBM 168 Extra"]
[Source "ChessBase"]
[SourceDate "2015.10.29"]
[SourceVersion "1"]
[SourceVersionDate "2015.10.29"]
[SourceQuality "1"]

1. d4 Nf6 2. c4 e6 3. a3 d5 4. Nf3 Be7 5. Nc3 0-0 6. Bg5 h6 7. Bh4 b6 8. e3 Bb7 9. cxd5 Nxd5 10. Bxe7 Qxe7 11. Bd3 Nxc3 12. bxc3 Nd7 13. 0-0 e5 14. Bc2 e4 15. Nd2 Rfe8 16. Qg4 Nf6 17. Qh4 Qd7 18. c4 Re7 19. Rfd1 Qe6 20. Bb3 Qf5 21. h3 Kh7 22. g4 g5 23. Qg3 Qd7 24. Kf1 Kg7 25. Ke2 Rh8 26. Rh1 c5 27. d5 b5 28. cxb5 Bxd5 29. Rhb1 Qxb5+ 30. Ke1 Qd3 31. Qd6 c4 32. Qxe7 cxb3 33. Qe5 Rc8 34. Qd4 Qxd4 35. exd4 Rc3 36. Nf1 Rxh3 37. Ne3 Be6 38. Kd2 Nxg4 39. d5 Nxe3 40. dxe6 Nc4+ 41. Ke2 fxe6 42. Rd1 b2 43. Rab1 Rb3 44. Rd7+ Kf6 45. Rxa7 Nxa3 46. Rxa3 Rxa3 47. Rxb2 Kf5 48. Rb8 h5 49. Rf8+ Kg4 50. Re8 Ra6 51. Ke3 h4 52. Kxe4 Kh3 53. Kf3 g4+ 54. Kf4 Ra3 55. Rxe6 Rf3+ 56. Kg5 Rxf2 57. Rh6 Kg3 58. Rxh4 Rf5+ 59. Kxf5 Kxh4 0-1